00512nam a2200181Ia 450000500170000000800410001702000230005804000190008104100120010008200170011210000170012924500560014626000360020230000260023850400340026465000220029885000100032020240215112132.0131103s9999 xx 000 0 und d a8170226619cRs.600 aLoreto College aEnglish a370.954bAGR aAgrawal,S.P. aDevelopment of Education in India, cS.P.Agrawal aDelhibConcept Publishingc1999 a473 p.b illus,tables aIncludes appendices and index aEducation - India aLCLIB